Alles mit O - Geografie - Statistiken

Allgemein
  • Dieses Quiz wurde 183 mal gespielt
  • Das Durchschnittsergebnis liegt bei 16 aus 28
Antwortstatistiken
Hint Antwort % Korrekt
Länder Oman
99%
Strom in Westsibirien (Russland) Ob
85%
mitteleuropäischer Fluss, der einen Teil der Grenze zwischen Polen und Deutschland bildet Oder
85%
höchster Berg Griechenlands und Sitz der Götter Olymp
85%
Osttimor
85%
Nebenmeer des Atlantik mit vielen Urlaubern + Strandkörben Ostsee
83%
Hauptstädte Oslo
81%
Oldenburg
75%
Österreich
75%
Osnabrück
72%
US-Bundesstaat an der Pazifikküste Oregon
71%
Japanische große Hafenstadt auf der Insel Honshu Osaka
67%
Stadt in Florida mit Themenparks von Walt Disney World und Universal Studios Orlando
63%
Ottawa
63%
Fluss in den USA, Nebenfluss des Mississippi Ohio River
61%
Deutsche Städte 100 000+ Oberhausen
60%
Offenbach am Main
56%
der Kleinste dieser Seen Ontariosee
52%
der Größte der 5 großen Seen in Nordamerika Oberer See
50%
Meer zwischen China, Japan und Südkorea Ostchinesisches Meer
48%
südlichste Gemeinde Deutschlands in den Allgäuer Alpen Oberstdorf
40%
Mittelgebirge in Südhessen, BW und Bayern, Höchster Bergist der Katzenbuckel Odenwald
35%
auch ein Teil der Alpen, in dem die Gletschermumie gefunden wurde Ötztaler Alpen
31%
Fluss in Südamerika, Venezuela und Kolumbien Orinoco
28%
Ouagadougou
28%
bekannter Wintersportort im Thüringer Wald Oberhof
26%
der Zweitgrößte See Europas in Nordwestrussland Onegasee
24%
Gebirgsgruppe der Ostalpen mit gleichnamigem höchstem Bergin Norditalien und der Schweiz Ortler-Alpen
19%
Keine übereinstimmenden Quizze gefunden
Verteilung der Resultate
Anzahl Personen mit jedem Resultat
Perzentil nach korrekt beantworteten Fragen
Ihre Resultats-Entwicklung
Sie haben dieses Quiz noch nicht gespielt